| Tag |
First Indicator |
Second Indicator |
Subfields |
| LEADER |
00000cam a22000004a 4500 |
| 001 |
in00002000980 |
| 005 |
20151031125404.0 |
| 008 |
040330s2004 nyu b 000 0 eng |
| 010 |
|
|
|a 2004007358
|
| 020 |
|
|
|a 1596090006 (pbk. : acid-free paper)
|
| 035 |
|
|
|a (OCoLC)ocm54865581
|
| 040 |
|
|
|a DLC
|c DLC
|d UtOrBLW
|
| 042 |
|
|
|a pcc
|
| 049 |
|
|
|a TXAM
|
| 050 |
0 |
0 |
|a HV6431
|b .K56 2004
|
| 082 |
0 |
0 |
|a 303.6/25
|2 22
|
| 100 |
1 |
|
|a King, Gilbert.
|
| 245 |
1 |
0 |
|a Dirty bomb :
|b weapon of mass disruption /
|c Gilbert King.
|
| 264 |
|
1 |
|a New York :
|b Chamberlain Bros.,
|c [2004]
|
| 264 |
|
4 |
|c ©2004
|
| 300 |
|
|
|a vi, 184 pages ;
|c 21 cm.
|
| 336 |
|
|
|a text
|b txt
|2 rdacontent
|
| 337 |
|
|
|a unmediated
|b n
|2 rdamedia
|
| 338 |
|
|
|a volume
|b nc
|2 rdacarrier
|
| 504 |
|
|
|a Includes bibliographical references.
|
| 505 |
0 |
|
|a What is a dirty bomb? -- How much expertise does it take to make a dirty bomb? -- What's the difference between a nuclear bomb and a "dirty bomb?" -- Possible types of bombs and delivery methods -- Closer than you think -- The effects of a dirty bomb attack -- What to do in case of a dirty bomb -- How to prevent a dirty bomb -- Dirty secrets, dirty bombs: U.S. and Russia.
|
| 650 |
|
0 |
|a Dirty bombs.
|
| 650 |
|
0 |
|a Nuclear terrorism.
|
| 945 |
|
|
|i PromptCat
|
| 948 |
|
|
|a cataloged
|b h
|c 2004/11/5
|d c
|e dmitchel
|f 9:40:20 am
|
| 994 |
|
|
|a 92
|b TXA
|
| 999 |
|
|
|a MARS
|
| 999 |
f |
f |
|s a5041bf3-6204-3082-99b6-487b355d3933
|i a6c2beb2-4ab8-3251-b205-ca94ae59e5b6
|t 0
|
| 952 |
f |
f |
|p ric
|a Texas A&M University
|b Rellis Campus
|c Joint Library Facility
|d Remote Storage
|t 0
|e HV6431 .K56 2004
|h Library of Congress classification
|i unmediated -- volume
|m A14831584660
|
| 998 |
f |
f |
|a HV6431 .K56 2004
|t 0
|l Remote Storage
|